000
00295nam a2200097Ia 4500
082
_a
515.243 wall
245
0
_a
Everything and more : a compact history of [infinity]
100
_a
Wallace, David Foster London, [c.2003]
_9
75594
942
_c
BK
008
210817s9999 xx 000 0 und d
999
_c
250216
_d
250215